| 000 | 00340nam a2200097Ia 4500 | ||
|---|---|---|---|
| 008 | 220204s9999 xx 000 0 und d | ||
| 082 |
_aNR:62:678.01:53 _bBSI |
||
| 245 | 0 | _aPhysical testing of rubber. Part A 37. Determination of tendency to adhere to and to corrode metals | |
| 260 |
_aLondon _bBritish Standards Institution _c1997 |
||
| 942 | _cBK | ||
| 999 |
_c44982 _d44982 |
||